Crucifixion, in the Ancient World and the Folly of the Message of the Cross (Record no. 8290)

MARC details
000 -LEADER
fixed length control field 00626nam a2200241 a 4500
020 ## - INTERNATIONAL STANDARD BOOK NUMBER
ISBN
082 00 - DEWEY DECIMAL CLASSIFICATION NUMBER
Classification number 232.96
Author Cutter HEN
100 ## - MAIN ENTRY--AUTHOR NAME
Author name Hengel, Martin
245 ## - TITLE STATEMENT
Title Crucifixion, in the Ancient World and the Folly of the Message of the Cross
260 ## - PUBLICATION, DISTRIBUTION, ETC. (IMPRINT)
Place of publication Philadelphia
Name of publisher Fortress Press
Year of publication 1977
300 ## - PHYSICAL DESCRIPTION
Number of Pages 99p
500 ## - GENERAL NOTE
General note includes index and biblioraphy
505 2# - FORMATTED CONTENTS NOTE
Formatted contents note Index
650 ## - SUBJECT ADDED ENTRY--TOPICAL TERM
Topical Term Jesus Christ-Death
942 ## - ADDED ENTRY ELEMENTS (KOHA)
Koha item type Books
700 1# -
-- Hengel, Martin
Holdings
Collection code Home library Current library Date acquired Cost, normal purchase price Full call number Accession Number Koha item type
  Henry Martyn Institute Library Henry Martyn Institute Library 08/16/2010 220.50 232.96 HEN 010452 Books
                   Copyright © 2026 | Henry Martyn Institute | Hyderabad | TS-500052 | INDIA | Implemented by hmi.edu.in
Hit-Count:

Powered by Koha